000 00519nmm a2200169Ia 4500
008 251105s9999||||xx |||||||||||||||||und||
020 _a0916379256
041 _aspa
100 _aGálvez Lira, Gloria
245 0 _aMaría Luisa Bombal: Realidad y fantasía
264 _a[Washington, Estados Unidos] :
_bScripta Humanistica,
_c1986
300 _a121 páginas
490 _aLatin American Literature
650 _aLatin American literature
856 _uhttps://public.digitaliapublishing.com/a/237
942 _cCF
999 _c72910
_d72910